Interim evaluation of the Innovation Into Action Programme (Record no. 102794)
[ view plain ]
| 000 -LEADER | |
|---|---|
| fixed length control field | 01105cam a2200229 4500 |
| 001 - CONTROL NUMBER | |
| control field | J122228 |
| 008 - FIXED-LENGTH DATA ELEMENTS--GENERAL INFORMATION | |
| fixed length control field | 030317n2003 000 0 eng u |
| 035 ## - SYSTEM CONTROL NUMBER | |
| System control number | (Sirsi) u122228 |
| 050 ## - LIBRARY OF CONGRESS CALL NUMBER | |
| Classification number | 306.2 |
| -- | 18 |
| 110 ## - MAIN ENTRY--CORPORATE NAME | |
| Corporate name or jurisdiction name as entry element | United Kingdom |
| Subordinate unit | Office of the Deputy Prime Minister |
| 245 ## - TITLE STATEMENT | |
| Title | Interim evaluation of the Innovation Into Action Programme |
| 260 ## - PUBLICATION, DISTRIBUTION, ETC. | |
| Place of publication, distribution, etc. | London |
| Name of publisher, distributor, etc. | ODPM |
| Date of publication, distribution, etc. | 2003 |
| 490 ## - SERIES STATEMENT | |
| Series statement | ODPM Housing Research Summary |
| Volume/sequential designation | 187 |
| 520 ## - SUMMARY, ETC. | |
| Summary, etc. | Summary of a research paper, funded by the ODPM, evaluating the Innovation into Action Grant Programme. The evaluation reviewed the experiences of participants in the programme, assessed its impact and to identified good practice and lessons for effective promotion of tenant involvement. View the summary at www.dclg.gov.uk/. |
| 650 ## - SUBJECT ADDED ENTRY--TOPICAL TERM | |
| Topical term or geographic name entry element | COUNCIL TENANTS |
| 650 ## - SUBJECT ADDED ENTRY--TOPICAL TERM | |
| Topical term or geographic name entry element | INNOVATION INTO ACTION GRANT PROGRAMME |
| 650 ## - SUBJECT ADDED ENTRY--TOPICAL TERM | |
| Topical term or geographic name entry element | SOCIAL HOUSING |
| 650 ## - SUBJECT ADDED ENTRY--TOPICAL TERM | |
| Topical term or geographic name entry element | TENANT PARTICIPATION |
| 690 ## - LOCAL SUBJECT ADDED ENTRY--TOPICAL TERM (OCLC, RLIN) | |
| Topical term or geographic name as entry element | Block management |
| 9 (RLIN) | 6220 |
| 856 ## - ELECTRONIC LOCATION AND ACCESS | |
| Uniform Resource Identifier | <a href="https://www.communities.gov.uk/documents/housing/pdf/140702.pdf">https://www.communities.gov.uk/documents/housing/pdf/140702.pdf</a> |
| Hours access method available | View a summary of the report on the DCLG website... |
| 942 ## - ADDED ENTRY ELEMENTS (KOHA) | |
| Suppress in OPAC | 0 |
| Withdrawn status | Lost status | Source of classification or shelving scheme | Damaged status | Not for loan | Home library | Current library | Shelving location | Date acquired | Total Checkouts | Full call number | Barcode | Date last seen | Copy number | Price effective from | Koha item type |
|---|---|---|---|---|---|---|---|---|---|---|---|---|---|---|---|
| Dewey Decimal Classification | Virtual | Virtual | Online | 08/05/2003 | ONLINE PUBLICATION | 122228-2001 | 06/08/2019 | 1 | 06/08/2019 | Book |